000
00278nam a2200133Ia 4500
100
_a
Ayres/Frank.
942
_c
BK
654
_a
Matrices
245
_a
Matrices
260
_b
McGraw Hill.( Schaum''s)
_a
Singapore
_c
1982
082
_a
512.9
300
_a
218
546
_a
ENGLISH
999
_c
21165
_d
21165